000 01392nam a22003857a 4500
003 CHAP
005 20220817043055.0
008 971010s1977 r 00010 d
010 _a64762
011 _a65734
035 _a73026
040 _cCHAP
090 _aTesis
100 0 0 _aValdivia Carreón, Martha Eloísa.
_9117311
245 _aEstructura jurídica agraria y organización campesina
_b: instrumentos para el desarrollo; el caso del Plan Puebla
260 _aChapingo, Méx. :
_bEl autor,
_c1977
300 _a292 h
502 _aTesis (M.C. Esp. en Divulgación Agrícola) -- ENA. Colegio de Postgraduados. Rama de Divulgación Agrícola
590 _aALEPH
_b10
_c20130110
_lUCH01
_h1354
590 _aBATCH-UPD
_b10
_c20130110
_lUCH01
_h0954
590 _aBATCH-UPD
_b10
_c20130410
_lUCH01
_h0607
590 _aBATCH-UPD
_b10
_c20130914
_lUCH01
_h0318
590 _aCONVERSION
_b10
_c20130109
_lUCH01
_h1335
650 1 4 _aAgricultura
_xLeyes
_xMéxico.
_91726
650 1 4 _aAgricultura
_xTrabajadores
_xLeyes.
_91864
650 1 4 _aCampesinado
_zMéxico.
650 1 4 _aPlan Puebla.
_988678
650 1 4 _aTierras
_xTenencia
_zMéxico.
_9113215
901 _aBK
942 _cFOLL
949 _bBC
_cTES
_d-153813
_eTS1
_i73026
_si
949 _bBC
_cTES
_d-153814
_eTS2
_fc.2
_i73026
_si
949 _bBC
_cTES
_d-153815
_eTS2
_fc.3
_i73026
_si
949 _bCR
_cTESBD
_d-5784
_eTS1
_h76
_i73026
_si
999 _c64762
_d64762